| 000 | 00399nam a22001337a 4500 | ||
|---|---|---|---|
| 020 | _a9780141026152 | ||
| 082 |
_a338.9 _bSAC |
||
| 100 | _aSachs, Jeffrey | ||
| 245 |
_aCommon wealth : _beconomics for a crowded planet / _cJeffrey Sachs |
||
| 260 |
_aUnited Kingdom : _bPenguin Books, _c2008. |
||
| 300 |
_a386p. ; _c20 cm. |
||
| 942 |
_2ddc _cBK |
||
| 999 |
_c588462 _d588462 |
||